| 000 | 01079cam a2200265 4500 | ||
|---|---|---|---|
| 008 | 020805n2002 000 0 eng u | ||
| 020 | _a0727731289 | ||
| 035 | _a(Sirsi) u119201 | ||
| 041 | _aeng. | ||
| 050 | _a690.23 | ||
| 100 | _aSpencer, N. | ||
| 110 |
_aConstruction Industry Council _92417 |
||
| 245 | _aHow buildings add value for clients | ||
| 260 |
_aLondon _bThomas Telford _c2002 |
||
| 300 |
_ax, 61p. _c31cm. |
||
| 350 | _a30 | ||
| 520 | _aDemonstrates how companies and organisations that invest in high quality buildings can reap greater reward from their investment, and yield more value from design. Aims to increase understanding of the economic and social benefits that ensue from creating high quality buildings, and to help develop a more rounded basis for decision-making in property investment appraisals. | ||
| 650 | _aBUILT ENVIRONMENT-CONSTRUCTION DESIGN | ||
| 650 | _aQUALITY | ||
| 650 | _aINVESTMENT APPRAISALS | ||
| 650 | _aBUILDING ECONOMICS | ||
| 690 | _aBUILDING AND CONSTRUCTION-ECONOMICS | ||
| 700 | _aWinch, G. | ||
| 942 | _n0 | ||
| 999 |
_c102266 _d102266 |
||